01011nam a2200253 i 45000010005000000030009000050050017000140070003000310080041000340800021000750800022000962450193001182600039003113000022003504900035003726500036004077000034004437000031004777000036005088300043005448520033005879990015006209520122006355711ES-MaACL20251218180213.0t|890424s1987 sp ||||1| spa d a301.188.1:331.11 a331.11:301.188.1100aNuevos sistemas de producción b: las consecuencias para la formación y el trabajo en la fábrica del futuro / c[dirección, Juan José Castillo, Santiago Castillo, Carlos Prieto]. aMadrid : bSiglo XXI, cD.L. 1987. a191 p. ; c21 cm.1 aSociología del trabajo ; v114aSociología industrial.9172141 aCastillo, Juan José.9367031 aCastillo, Santiago.9367221 aPrieto, Carlos, d1940-91568710 aSociología del trabajo ; v19227721 aES-MaACLjL-12622 bR.115954 c5711d5711 00104070aATENEOMbATENEOMcDEPO2d2008-01-17eSCl0oL-12622p1005792r2023-02-23 00:00:00w2023-02-23yMONOGRAFIA